000 01129nam a22003014i 4500
001 991061094457706706
003 ES-BaIT
005 20251029123441.0
008 240125s2021 sp ao | 001 0bspa c
017 _aDL M 30070 2021
_bOficina DL Madrid
020 _a9788494706394
040 _aES-BaIT
_bcat
_erda
_cES-BaIT
043 _anwcu---
245 0 3 _aEl arte coreográfico de Alicia Alonso /
_cselección, prólogo y notas: Pedro Simón Martínez
264 1 _aMadrid :
_bEdiciones Cumbres,
_c[2021]
300 _a806 pàgines :
_bil·lustracions, fotografies ;
_c22 cm
336 _atext
_btxt
_2rdacontent
337 _asense mediació
_bn
_2rdamedia
338 _avolum
_bnc
_2rdacarrier
500 _aÍndex
600 1 4 _aAlonso, Alicia,
_d1921-
_2lemac
_966086
650 0 _aDansa clàssica
_vArguments, trames, etc.
_968308
650 0 _aCoreògrafes de dansa clàssica
_zCuba
_yS. XX
_vBiografia
_2lemac
_9162955
_x
650 0 _aBallarines de dansa clàssica
_zCuba
_vBiografia
_2lemac
_9126979
_xBiografia
_yS. XX
700 _aSimón Martínez, Pedro
_eeditor literari
_9129161
940 _aCVA38
942 _2udc
_c1
999 _c134679
_d134679